000 00372nam a2200145Ia 4500
008 230917s9999||||xx |||||||||||||| ||und||
040 _e116282
_aMAIN
041 _aEnglish
082 _a658.3 R18C
100 _aRao, P L
245 0 _aComprehansive human resoruce management
260 _aNew Delhi
_bExcell Publications
_c2004
300 _axvii, 556 p.
942 _cBK
999 _c129531
_d129531